000 01119nam a2200229Ia 4500
999 _c50688
_d50688
001 17639
003 GE_BSU
005 20200220160322.0
008 181216s1954 xx |||||||||||||| ||rus||
040 _cGE_BSU
041 _arus
080 _a821.161.2 И-90
245 _aИстория Украинской Литературы:в двух томах :
_bт.1 : Дооктябрьская литература /
_cРед:колегия : А. И. Белецкий ; М. Д. Бернштеин; и др.
264 _aКиев :
_bИздателъство академии наук украинской сср,
_c1954.
300 _a757 стр .:
_c26 см.
653 _aИстория Украинской Литературы
653 _aისტორია უკრაინული ლიტერატურის
653 _aრუსული ლიტერატურა
700 _aБелецкий, А.И.
_eსარედაქციო კოლეგია
_97272
700 _aБернштеин, М.Д.
_eსარედაქციო კოლეგია
_97273
942 _cBK
_2udc